Mitos y leyendas latinoamericanas (Registro nro. 7910)

Detalles MARC
000 -CABECERA
Longitud fija campo de control 02579nam a2200385 i 4500
005 - • FECHA Y HORA DE LA ÚLTIMA TRANSACCIÓN
Fecha y hora de la última transacción 20220317001732.0
007 - • CAMPO FIJO DE DESCRIPCIÓN FÍSICA
Campo fijo de descripción física ta
008 - • CÓDIGOS DE INFORMACIÓN DE LONGITUD FIJA
Códigos de información de longitud fija 200428s2014 ck a gr 000 0 spa d
020 ## - • NÚMERO INTERNACIONAL NORMALIZADO PARA LIBROS
Número Internacional Normalizado para Libros (ISBN) 9789581403691
020 ## - • NÚMERO INTERNACIONAL NORMALIZADO PARA LIBROS
Número Internacional Normalizado para Libros (ISBN) 9581403698
040 ## - FUENTE DE LA CATALOGACIÓN
Centro catalogador de origen CO-BoRNBP
Lengua de catalogación spa
Centro transcriptor CO-BoRNBP
Normas de descripción rda
041 0# - • CÓDIGO DE LENGUA
Código de lengua del texto/banda sonora o título independiente spa
084 ## - • Clasificación Local Alfanúmerica PNLB
Número de clasificación LM OCA1
100 1# - • PUNTO DE ACCESO PRINCIPAL-NOMBRE DE PERSONA
Nombre de persona Ocampo López, Javier
Fechas asociadas al nombre 1939-
Término indicativo de función autor
245 10 - • TITULO PROPIAMENTE DICHO
Título Mitos y leyendas latinoamericanas
Mención de responsabilidad, etc. Javier Ocampo López
250 ## - • MENCIÓN DE EDICIÓN
Mención de edición Primera edición
264 #1 - PRODUCCIÓN, PUBLICACIÓN , DISTRIBUCIÓN, FABRICACIÓN Y COPYRIGHT
Lugar de producción, publicación, distribución, fabricación Bogotá
Nombre del productor, editor, distribuidor, fabricante Plaza & Janés
Fecha de de producción, publicación, distribución, fabricación o copyright 2014
300 ## - • DESCRIPCIÓN FÍSICA
Extensión 201 páginas
Otras características físicas ilustraciones a blanco y negro
Dimensiones 24 cm
336 ## - TIPO DE CONTENIDO
Término de tipo de contenido texto
Código de tipo de contenido txt
Fuente rdacontent
337 ## - TIPO DE MEDIO
Nombre del tipo de medio sin mediación
Código del tipo de medio n
Fuente rdamedia
338 ## - TIPO DE SOPORTE
Nombre del tipo de soporte volumen
Código del tipo de soporte nc
Fuente rdacarrier
504 ## - • NOTA DE BIBLIOGRAFÍA, ETC
Nota de bibliografía, etc. Incluye referencias bibliográficas
505 1# - • NOTA DE CONTENIDO CON FORMATO
Nota de contenido con formato Mitos de los orígenes -- Mitos de la madre tierra -- Mitos de las tierras y las ciudades perdidas -- Los árboles sagrados y la fuente de la eterna juventud -- Leyendas de tesoros legendarios -- Los Caciques de la resistencia -- Las leyendas femeninas -- Algunos mitos populares latinoamericanos -- Lecturas
520 ## - • NOTA DE RESUMEN
Resumen, etc, "Desde los orígenes de la literatura en las altas culturas y civilizaciones, y en todos los pueblos del mundo que buscan la explicación de los fenómenos naturales, humanos e históricos, y que hacen vivencia de hechos trascendentales que se transforman en legendarios y sobrenaturales, existen los mitos y leyendas populares, que son parte muy profunda del patrimonio histórico y cultural de la humanidad. Los orígenes de los pueblos, las aldeas, y las ciudades, de hombres y mujeres que se convierten en personajes legendarios; los misterios de las selvas, las montañas, las colinas, las cuevas, los ríos, las quebradas, las lagunas, los mares y otros lugares de la tierra, llenos de secretos, enigmas y fantasías. Los múltiples fenómenos naturales como inundaciones, borrascas, ciclones, vientos, sequías, terremotos, maremotos y demás hechos naturales que surgen de los equinoccios y solsticios, son motivo de explicaciones populares a través de los mitos, leyendas y relatos populares. "
521 ## - • NOTA DE PÚBLICO DESTINATARIO
Nota público destinatario (R ) Recomendado desde los 12 años
650 17 - • PUNTO DE ACCESO ADICIONAL DE MATERIA - TÉRMINO DE MATERIA
Término de materia o nombre geográfico como elemento inicial Leyendas indígenas latinoamericanas
Subdivisión cronológica Siglo XX
Fuente del encabezamiento o término LEMB
650 17 - • PUNTO DE ACCESO ADICIONAL DE MATERIA - TÉRMINO DE MATERIA
Término de materia o nombre geográfico como elemento inicial Literatura latinoamericana
Subdivisión cronológica Siglo XX
Fuente del encabezamiento o término LEMB
650 17 - • PUNTO DE ACCESO ADICIONAL DE MATERIA - TÉRMINO DE MATERIA
Término de materia o nombre geográfico como elemento inicial Mitología indígena latinoamericana
Subdivisión cronológica Siglo XX
Fuente del encabezamiento o término LEMB
650 17 - • PUNTO DE ACCESO ADICIONAL DE MATERIA - TÉRMINO DE MATERIA
Término de materia o nombre geográfico como elemento inicial Culturas indígenas
Subdivisión de forma Leyendas
Fuente del encabezamiento o término LEMB
650 17 - • PUNTO DE ACCESO ADICIONAL DE MATERIA - TÉRMINO DE MATERIA
Término de materia o nombre geográfico como elemento inicial Animales
Subdivisión de forma Leyendas
Fuente del encabezamiento o término LEMB
650 17 - • PUNTO DE ACCESO ADICIONAL DE MATERIA - TÉRMINO DE MATERIA
Término de materia o nombre geográfico como elemento inicial Dioses
Subdivisión de forma Leyendas
Fuente del encabezamiento o término LEMB
650 17 - • PUNTO DE ACCESO ADICIONAL DE MATERIA - TÉRMINO DE MATERIA
Término de materia o nombre geográfico como elemento inicial Astros
Subdivisión de forma Leyendas
Fuente del encabezamiento o término LEMB
650 17 - • PUNTO DE ACCESO ADICIONAL DE MATERIA - TÉRMINO DE MATERIA
Término de materia o nombre geográfico como elemento inicial Medio ambiente
Subdivisión de forma Leyendas
Fuente del encabezamiento o término LEMB
942 ## - ENTRADA DE ELEMENTOS AGREGADOS (KOHA)
Fuente de clasificaión o esquema
Koha [por defecto] tipo de item Libro Literatura

No hay ítems disponibles.










Instituto Departamental de Cultura del Meta - Red Departamental de Bibliotecas Públicas del Meta.